000 00709nam a22002417a 4500
003 UA-OsUOA
001 119867
007 ta
008 20161118b un ||||| |||| 00| 0 ukr d
100 _aЄрмак В. П.
090 _a82.09(477)
_bЕ99
942 _cBK
040 _aUA-OsUOA
_bukr
_cUA-OsUOA
_dUA-OsUOA
245 _aТворча історія поезій у прозі Василя Стефаника
_bмонографія
300 _a151 с.
955 _a1
041 _aukr
080 _a82.09(477)
020 _a978-966-00-1541-8
260 _aК.
_bНаукова думка
_c2016
650 7 _a82 Література. Літературознавство
_2UDC
999 _c405736
_d405736